MARC details
| 000 -CABECERA |
| campo de control de longitud fija |
01605nam a2200289 a 4500 |
| 003 - IDENTIFICADOR DEL NÚMERO DE CONTROL |
| campo de control |
DO-SdBNP |
| 005 - FECHA Y HORA DE LA ÚLTIMA TRANSACCIÓN |
| campo de control |
20240305102114.0 |
| 007 - CAMPO FIJO DE DESCRIPCIÓN FÍSICA--INFORMACIÓN GENERAL |
| campo de control de longitud fija |
ta |
| 008 - DATOS DE LONGITUD FIJA--INFORMACIÓN GENERAL |
| campo de control de longitud fija |
221123e190? dr aobcgr|||| 001 edspa d |
| 040 ## - FUENTE DE LA CATALOGACIÓN |
| Centro catalogador/agencia de origen |
DO-SdBNP |
| Lengua de catalogación |
spa |
| Centro/agencia transcriptor |
BNPHU |
| 082 #4 - NÚMERO DE LA CLASIFICACIÓN DECIMAL DEWEY |
| Número de edición |
22 |
| Número de documento/Ítem |
L789i |
| 100 1# - ENTRADA PRINCIPAL--NOMBRE DE PERSONA |
| Nombre de persona |
Lizardo, Fradique, |
| Fechas asociadas al nombre |
1930-1997 |
| 9 (RLIN) |
62027 |
| 245 10 - MENCIÓN DE TÍTULO |
| Título |
Instrumentos musicales folklóricos dominicanos: |
| Resto del título |
indiófonos y membranófonos. / |
| Mención de responsabilidad, etc. |
Fradique Lizardo; Editor, César Ojeda |
| 260 ## - PUBLICACIÓN, DISTRIBUCIÓN, ETC. |
| Lugar de publicación, distribución, etc. |
Santo Domingo : |
| Nombre del editor, distribuidor, etc. |
UNESCO, |
| Fecha de publicación, distribución, etc. |
[1988] |
| 300 ## - DESCRIPCIÓN FÍSICA |
| Extensión |
454 p. : |
| Otras características físicas |
il., fotogr., mapas, retr. ; |
| Dimensiones |
21 cm. |
| 500 ## - NOTA GENERAL |
| Nota general |
Incluye datos biográficos del autor en la contracubierta. |
| 500 ## - NOTA GENERAL |
| Nota general |
La Biblioteca posee el volumen 1. |
| 504 ## - NOTA DE BIBLIOGRAFÍA, ETC. |
| Nota de bibliografía, etc. |
Bibliografía: p. 441 - 454 |
| 505 ## - NOTA DE CONTENIDO CON FORMATO |
| Nota de contenido con formato |
Reconocimiento. |
| Título |
Conceptos generales sobre la organología y la clasificación de los instrumentos.-- |
| -- |
Las espátulas vómicas sonajeros de la cultura taína. / |
| Mención de responsabilidad |
Manuel Ant. García Arévalo.-- |
| Título |
Los instrumentos indígenas idiófonos.-- Menbranófonos.-- Cordófonos.-- Aerófonos.-- |
| -- |
Crítica a la obra "Instrumentos Musicales Indígenas Dominicanos". / |
| Mención de responsabilidad |
José E. García Aybar.-- |
| Título |
Plan del contenido del Tomo II de Instrumentos Musicales dominicanos.-- |
| -- |
Bibliografía. |
| 590 ## - NOTA LOCAL (RLIN) |
| Nota local |
Inventariado 2022 / MF |
| 650 #4 - PUNTO DE ACCESO ADICIONAL DE MATERIA--TÉRMINO DE MATERIA |
| 9 (RLIN) |
461 |
| Término de materia o nombre geográfico como elemento de entrada |
Instrumentos Musicales |
| Subdivisión general |
República Dominicana |
| 650 #4 - PUNTO DE ACCESO ADICIONAL DE MATERIA--TÉRMINO DE MATERIA |
| 9 (RLIN) |
41932 |
| Término de materia o nombre geográfico como elemento de entrada |
Instrumentos Musicales |
| Subdivisión general |
Historia y Crítica, Ensayos, Conferencias, etc. |
| Subdivisión geográfica |
República Dominicana |
| 650 #4 - PUNTO DE ACCESO ADICIONAL DE MATERIA--TÉRMINO DE MATERIA |
| 9 (RLIN) |
18873 |
| Término de materia o nombre geográfico como elemento de entrada |
Folklore |
| Subdivisión geográfica |
República Dominicana |
| 710 #4 - PUNTO DE ACCESO ADICIONAL--NOMBRE DE ENTIDAD CORPORATIVA |
| 9 (RLIN) |
56288 |
| Nombre de entidad corporativa o nombre de jurisdicción como elemento de entrada |
Organizaciones de las Naciones Unidas para la Educación. |
| 910 ## - DATOS DE OPCIÓN DEL USUARIO (OCLC) |
| Datos de opción del usuario |
MFeliz |
| 942 ## - ELEMENTOS DE PUNTO DE ACCESO ADICIONAL (KOHA) |
| Fuente del sistema de clasificación o colocación |
Dewey Decimal Classification |
| Tipo de ítem Koha |
Libro |